000
00319nam a2200133Ia 4500
005
20251222143158.0
008
251222s9999||||xx |||||||||||||| ||spa||
020
_a
9972-631-03-6
082
_a
869.57/M19G
100
_a
Malpartida Quispe, Miguel Ángel
245
0
_a
Galería
264
_b
Dedo Crítico
942
_c
LIB
999
_c
12946
_d
12946